00448cam a22001335i 4500041000800000082002100008100001700029245006400046260003800110300001900148942000700167952012300174999001700297 aENG a306.0899145bVEN aVenkataraman04aThe social construction of capabilities in a Tamil village  aHyderabadbOrient BlackSwanc2021 axix, 190 pages cBK 00104070aHMIbHMIcGENd2024-06-06eOrient BlackSwang780.00l0o306.0899145 VENp25966r2024-06-06w2024-06-06yBK c23476d23476